|
|
|
|
| LEADER |
00000nab a2200000 a 4500 |
| 001 |
vtls000309180 |
| 003 |
SK-MaSNL |
| 005 |
20260303210527.0 |
| 008 |
230814c1988 xo 0 slo |
| 015 |
|
|
|a SNBRB19rr/mm-uuuuu
|
| 035 |
|
|
|a CL0319301
|
| 040 |
|
|
|a SNKBUCL
|b slo
|c SNKBUCL
|e AACR2
|
| 041 |
0 |
|
|a slo
|
| 044 |
|
|
|a xo
|c SK
|
| 080 |
|
|
|a 82:7.097
|2 1981
|
| 080 |
|
|
|a 7.097
|2 1981
|
| 080 |
|
|
|a 885.0
|2 1981
|
| 100 |
1 |
|
|a -Is-
|4 aut
|9 889221
|
| 245 |
1 |
0 |
|a Stretnúť anjela
|b Panoptikum mesta pražského
|c -is-
|
| 300 |
|
|
|b Fot. 1.
|
| 600 |
1 |
7 |
|a Marek, Jiří,
|d 1914-1994
|2 snkbucl
|9 184453
|
| 610 |
2 |
7 |
|a Československá televize
|2 SNKKA
|9 227058
|
| 630 |
0 |
7 |
|a Panoptikum Města pražského (televízny seriál)
|2 snkbucl
|9 184454
|
| 650 |
0 |
7 |
|a televízne seriály
|2 snkbucl
|9 2920
|
| 655 |
|
7 |
|a články z novín a časopisov
|2 snkbucl
|9 267496
|
| 655 |
|
7 |
|a články z odboru literárna veda a krásna literatúra
|2 snkbucl
|9 770045
|
| 700 |
1 |
|
|a Komárek, Jaromír
|4 gup
|9 7933
|
| 773 |
0 |
|
|t Televízia
|g Roč. 23, č. 18 (1988), s. 20
|
| 850 |
|
|
|a Slovenská národná knižnica v Martine
|a MTA001
|
| 852 |
|
|
|a SNK
|b KIS3GCP
|
| 958 |
|
|
|a RK
|
| 958 |
|
|
|a CZ
|
| 958 |
|
|
|a LX
|
| 992 |
|
|
|a RBX
|
| 999 |
|
|
|c 2200567
|d 2202497
|